| 000 | 00735nam a2200241 u 4500 | ||
|---|---|---|---|
| 005 | 20240806064018.0 | ||
| 008 | 100803s2008 r 000 0 eng d | ||
| 020 | _a9788435017756 | ||
| 035 | _aUPN01000177214 | ||
| 049 | _aCG | ||
| 050 | 4 |
_aPR6053 O7.5 _bB3.7 |
|
| 100 | 1 |
_aCornwell, Bernard _933225 |
|
| 245 | 1 | 3 |
_aLa batalla del Grial / _cBernard Cornwell ; tr. de Libertad Aguilera. |
| 260 |
_aBarcelona, Esp. : _bEdhasa, _c2008. |
||
| 300 | _av. | ||
| 505 | 8 |
_aContenido: _gv. 2. _tArqueros del rey |
|
| 534 |
_pTítulo original: _tVagabond |
||
| 650 | 4 |
_aGUERRA DE LOS CIEN AÑOS, 1339-1453 - _vNOVELA _921663 |
|
| 650 | 4 |
_aLiteratura inglesa _95228 |
|
| 740 | 0 | _aArqueros del rey | |
| 905 | _aLibro | ||
| 999 |
_c149317 _d149317 |
||